[Event "Heusenstamm Sparkassen op-B 3rd"]
[Site "Heusenstamm"]
[Date "2016.11.27"]
[Round "1"]
[White "Spill, Werner"]
[Black "Pogosian, Norair"]
[Result "0-1"]
[WhiteElo "1436"]
[BlackElo "1697"]
[PlyCount "58"]
[EventDate "2016.11.27"]
[EventType "swiss"]
[EventRounds "7"]
[EventCountry "GER"]
[SourceTitle "EXT 2018"]
[Source "ChessBase"]
[SourceDate "2017.10.13"]
[SourceVersion "1"]
[SourceVersionDate "2017.10.13"]
[SourceQuality "1"]

1. Nc3 d5 2. e4 d4 3. Nce2 e5 4. Ng3 Be6 5. Nf3 f6 6. a3 Bd6 7. d3 Ne7 8. Nh5 Rg8 9. Nh4 Nd7 10. f4 g6 11. f5 gxf5 12. exf5 Nxf5 13. Nxf5 Bxf5 14. Qf3 Bg6 15. Bh6 Qe7 16. 0-0-0 0-0-0 17. g3 Qf7 18. Bg2 c6 19. g4 Bxh5 20. gxh5 Qa2 21. Bh3 Qa1+ 22. Kd2 Qxb2 23. Rb1 Qc3+ 24. Kd1 Bxa3 25. Rb3 Qa5 26. Bxd7+ Rxd7 27. Bc1 Bxc1 28. Kxc1 Qd5 29. Qf1 Rdg7 0-1

[Event "Wiesbaden op 28th"]
[Site "Wiesbaden"]
[Date "2016.08.27"]
[Round "4"]
[White "Busch, Guenther"]
[Black "Pogosian, Norair"]
[Result "0-1"]
[WhiteElo "1572"]
[BlackElo "1736"]
[PlyCount "128"]
[EventDate "2016.08.25"]
[EventType "swiss"]
[EventRounds "7"]
[EventCountry "GER"]
[SourceTitle "CBM 174 Extra"]
[Source "ChessBase"]
[SourceDate "2016.10.10"]
[SourceVersion "1"]
[SourceVersionDate "2016.10.10"]
[SourceQuality "1"]

1. g3 d5 2. Bg2 e5 3. d3 Nf6 4. e3 Nc6 5. a3 Be6 6. Nd2 Bd6 7. Ne2 Qd7 8. h3 0-0-0 9. b4 Nb8 10. Bb2 Qe7 11. Nb3 Nfd7 12. Nc3 c6 13. Na4 d4 14. Bc1 f5 15. Na5 Nb6 16. c4 dxc3 17. Nxc3 Nd5 18. Qc2 Qc7 19. Nc4 Nxc3 20. Qxc3 Bxc4 21. Qxc4 Rhe8 22. 0-0 g5 23. f4 gxf4 24. exf4 exf4 25. Bxf4 Bxf4 26. Rxf4 Qg7 27. Raf1 Qxg3 28. R4f3 Qd6 29. Qf7 Qd7 30. Qxd7+ Rxd7 31. Rxf5 Rxd3 32. R5f3 Rd7 33. h4 Kc7 34. Rf7 Ree7 35. R7f4 Rg7 36. Kh2 Rde7 37. Bh3 Nd7 38. Bxd7 Rxd7 39. R1f2 b5 40. Kh3 Kb6 41. Rf6 Rd3+ 42. R2f3 Rd1 43. Rf1 Rd3+ 44. R1f3 Rxf3+ 45. Rxf3 a5 46. Rc3 axb4 47. axb4 Rg1 48. Rb3 c5 49. bxc5+ Kxc5 50. Rf3 Rg7 51. Rf5+ Kc4 52. Rf4+ Kc3 53. Rf3+ Kd4 54. Rf4+ Ke3 55. Rb4 Rb7 56. Rb3+ Kd4 57. Rb4+ Kc3 58. Rg4 b4 59. Rg3+ Kb2 60. Rg2+ Ka3 61. Rg3+ b3 62. Kh2 Ka2 63. Rg2+ b2 64. Kh1 Ka1 0-1

[Event "Wiesbaden op 28th"]
[Site "Wiesbaden"]
[Date "2016.08.26"]
[Round "2"]
[White "Roediger, Thomas"]
[Black "Pogosian, Norair"]
[Result "1/2-1/2"]
[WhiteElo "2035"]
[BlackElo "1736"]
[PlyCount "70"]
[EventDate "2016.08.25"]
[EventType "swiss"]
[EventRounds "7"]
[EventCountry "GER"]
[SourceTitle "CBM 174 Extra"]
[Source "ChessBase"]
[SourceDate "2016.10.10"]
[SourceVersion "1"]
[SourceVersionDate "2016.10.10"]
[SourceQuality "1"]

1. d4 Nf6 2. Nf3 g6 3. c4 Bg7 4. Nc3 d5 5. e3 0-0 6. Be2 c5 7. dxc5 Qa5 8. 0-0 dxc4 9. Bxc4 Qxc5 10. Be2 Nc6 11. e4 Rd8 12. Qb3 Qb4 13. Qxb4 Nxb4 14. Bg5 h6 15. Bf4 Be6 16. a3 Nc6 17. h3 Nd4 18. Nxd4 Rxd4 19. Be3 Rdd8 20. f3 Nh5 21. Kh2 Kh7 22. g4 Nf6 23. Kg3 b6 24. Rac1 Rac8 25. Nb5 Rxc1 26. Rxc1 Rd7 27. Nc3 Rc7 28. Nb5 Rd7 29. Rc7 Rxc7 30. Nxc7 Bd7 31. Nb5 Ne8 32. Nxa7 Bxb2 33. Nb5 Nd6 34. Nxd6 exd6 35. Bxb6 Bxa3 1/2-1/2